[Event "TCh-CZE Div1 Zapad 2012-13"]
[Site "Czech Republic CZE"]
[Date "2012.12.09"]
[Round "4.8"]
[White "Londyn,R"]
[Black "Jinova,L"]
[Result "1-0"]
[WhiteTitle "FM"]
[WhiteElo "2339"]
[BlackElo "2096"]
[WhiteTeam "JOLY Lysa nad Labem B"]
[BlackTeam "1. Novoborsky SK B"]
[WhiteFideId "318256"]
[BlackFideId "316466"]
[EventDate "2012.10.28"]

1. Nf3 Nf6 2. c4 e6 3. g3 d5 4. Bg2 Be7 5. O-O O-O 6. d4 b6 7. cxd5 exd5 8. Nc3
Bb7 9. Bf4 c5 10. Rc1 Re8 11. Nb5 Na6 12. Ne5 Ne4 13. Qb3 c4 14. Qa4 f5 15. Qd1
Bf6 16. f3 Ng5 17. Bxg5 Bxg5 18. f4 Be7 19. Rxc4 dxc4 20. Bxb7 Nc7 21. Qc2 Rc8
22. Qxc4+ Nd5 23. Bxc8 1-0

[Event "TCh-CZE Div1 Zapad 2012-13"]
[Site "Czech Republic CZE"]
[Date "2012.12.09"]
[Round "4.6"]
[White "Srba,M"]
[Black "Novotny,Jar1"]
[Result "0-1"]
[WhiteElo "2167"]
[BlackElo "2165"]
[WhiteTeam "Sokol Praha - Vrsovice"]
[BlackTeam "SK AD Jicin"]
[WhiteFideId "321575"]
[BlackFideId "303321"]
[EventDate "2012.10.28"]

1. e4 c5 2. Nf3 e6 3. d4 cxd4 4. Nxd4 Nf6 5. Nc3 Nc6 6. Ndb5 Bb4 7. Bf4 Nxe4 8.
Qf3 d5 9. Nc7+ Kf8 10. O-O-O Bxc3 11. bxc3 Rb8 12. c4 Qf6 13. c3 Qxc3+ 14. Qxc3
Nxc3 15. Rd3 d4 16. Bd6+ Kg8 17. Nb5 Nxa2+ 18. Kb2 Nab4 19. Rb3 a5 20. Bxb8 Nxb8
21. Nd6 Bd7 22. Nxb7 N8c6 23. Nxa5 Kf8 24. Nxc6 Nxc6 25. Be2 Ke7 26. Ra1 Rc8 27.
Rb7 g5 28. Kb3 f5 29. Bf3 Ne5 30. Raa7 g4 31. Be2 Kd6 32. f4 gxf3 33. gxf3 f4
34. Ra6+ Bc6 35. Kb4 Nd7 36. Rba7 Rb8+ 37. Ka3 Nc5 38. Ra5 d3 39. Bd1 Rb1 40.
Rxh7 Rxd1 41. Kb2 d2 42. Kc2 Rc1+ 0-1

[Event "TCh-CZE Div1 Zapad 2012-13"]
[Site "Czech Republic CZE"]
[Date "2012.12.09"]
[Round "4.7"]
[White "Urban,Z"]
[Black "Markovic,Milan CZE"]
[Result "0-1"]
[WhiteTitle "CM"]
[WhiteElo "2152"]
[BlackElo "2194"]
[WhiteTeam "SK AD Jicin"]
[BlackTeam "Sokol Praha - Vrsovice"]
[WhiteFideId "312754"]
[BlackFideId "305103"]
[EventDate "2012.10.28"]

1. c4 Nf6 2. g3 c5 3. Bg2 d5 4. cxd5 Nxd5 5. Nc3 Nc7 6. Nf3 Nc6 7. O-O e5 8. d3
Be7 9. Nd2 O-O 10. Nc4 Bd7 11. Bxc6 Bxc6 12. Nxe5 Be8 13. Qb3 b6 14. Rd1 Bf6 15.
Nf3 Bc6 16. Ne4 Be7 17. Ne5 Bd5 18. Qc2 Ne6 19. Be3 Rc8 20. Nc3 Ba8 21. Qa4 Bf6
22. Nd7 Bxc3 23. Nxf8 Qd5 24. Qe4 Qd6 25. Qxh7+ Kxf8 26. bxc3 Qd5 27. f3 Qe5 28.
Kf2 Re8 29. Qh8+ Ke7 30. Qh4+ g5 31. Qg4 Kf8 32. Re1 f5 33. Qa4 f4 34. Bd2 Qh8
35. Kg1 Qh3 36. g4 Re7 37. Rf1 Nd4 38. e4 Nxf3+ 39. Rxf3 Qxf3 40. Qc4 Qxg4+ 41.
Kf2 Rh7 42. Rh1 f3 43. Bxg5 Qg2+ 44. Ke3 Qxh1 45. h4 f2 46. Kxf2 Rf7+ 47. Kg3
Qg1+ 0-1

[Event "TCh-CZE Div1 Zapad 2012-13"]
[Site "Czech Republic CZE"]
[Date "2012.12.09"]
[Round "4.1"]
[White "Vokac,M"]
[Black "Simek,P2"]
[Result "0-1"]
[WhiteTitle "GM"]
[BlackTitle "FM"]
[WhiteElo "2471"]
[BlackElo "2347"]
[WhiteTeam "QCC Ceske Budejovice"]
[BlackTeam "TJ Sokol Praha - Kobylisy"]
[WhiteFideId "300101"]
[BlackFideId "319260"]
[EventDate "2012.10.28"]

1. c4 Nf6 2. Nf3 e6 3. Nc3 Bb4 4. Qc2 c5 5. a3 Bxc3 6. Qxc3 b6 7. g3 Bb7 8. Bg2
d6 9. O-O Nbd7 10. b4 O-O 11. d3 Qc7 12. bxc5 bxc5 13. Bd2 Bc6 14. Qa5 Nb6 15.
Rab1 Rfe8 16. e4 Nfd7 17. Bc3 e5 18. Nh4 Nf8 19. f4 f6 20. Bh3 Bd7 21. Bxd7 Qxd7
22. f5 Qc6 23. Ng2 Reb8 24. Ne3 Kf7 25. Bd2 Nfd7 26. g4 Rb7 27. Kg2 Rab8 28.
Rbc1 Qa4 29. Kf3 Qxa5 30. Bxa5 Na4 31. Rfd1 Rb3 32. Ra1 R8b7 33. Rd2 Nb8 34. Nd5
Nb2 35. Bc3 Nc6 36. Ra2 Na4 37. Ba1 Rb1 38. Kg2 Na5 39. Nc3 Rxa1 40. Rxa1 Nxc3
41. Rc2 Na4 42. Kf2 Nc6 43. Rd2 Nd4 44. Rg1 Rb3 45. h4 Nc3 46. g5 g6 47. fxg6+
hxg6 48. gxf6 Kxf6 49. a4 Nxa4 50. h5 gxh5 51. Ke3 Ne6 52. Ra2 Nb6 53. Kd2 Nf4
54. Rxa7 Nc8 55. Ra8 Ne7 56. Kc2 Rb6 57. Rf8+ Ke6 58. Rg7 Neg6 59. Rf5 Ne7 60.
Rff7 Nfg6 61. Rh7 h4 62. Rfg7 Rb8 63. Rh6 Rh8 64. Rxh8 Nxh8 65. Rh7 Nhg6 66. Kd2
Kf6 67. Ke3 Nf4 68. Kf3 h3 69. Rh6+ Neg6 70. Rh7 Nxd3 71. Rxh3 Nb2 72. Kg4 Nxc4
73. Rh6 Nd2 74. Kh5 Nxe4 75. Rxg6+ Kf5 76. Rg1 Kf4 77. Rf1+ Ke3 78. Kg4 c4 79.
Re1+ Kd3 80. Kf3 c3 81. Re3+ Kd2 82. Kxe4 d5+ 83. Kf3 e4+ 84. Kf2 c2 85. Re2+
Kc3 86. Re1 Kb2 87. Re2 Kb1 88. Rd2 c1=Q 89. Rxd5 Qf4+ 90. Ke2 Kb2 91. Rd1 Kc3 0-1

[Event "TCh-CZE Div1 Zapad 2012-13"]
[Site "Czech Republic CZE"]
[Date "2012.12.09"]
[Round "4.2"]
[White "Hinks Edwards,T"]
[Black "Cifka,S"]
[Result "0-1"]
[WhiteTitle "IM"]
[BlackTitle "FM"]
[WhiteElo "2414"]
[BlackElo "2409"]
[WhiteTeam "TJ Sokol Praha - Kobylisy"]
[BlackTeam "QCC Ceske Budejovice"]
[WhiteFideId "403938"]
[BlackFideId "317349"]
[EventDate "2012.10.28"]

1. e4 e6 2. d4 d5 3. Nc3 Bb4 4. e5 Ne7 5. a3 Bxc3+ 6. bxc3 c5 7. h4 Nbc6 8. h5
h6 9. Nf3 Bd7 10. a4 Qa5 11. Bd2 f6 12. c4 Qc7 13. cxd5 Nxd5 14. c4 Ndb4 15.
exf6 gxf6 16. Rb1 O-O-O 17. Be2 Be8 18. Rh4 a5 19. Bxb4 Nxb4 20. Qb3 Bc6 21. Kf1
Kb8 22. Qe3 Nc2 23. Qxe6 Nxd4 24. Nxd4 cxd4 25. Bf3 Bxf3 26. gxf3 Rhe8 27. Qxf6
Qxc4+ 28. Kg2 Qd5 29. Rb5 Rg8+ 30. Kh2 Qd7 31. Qe5+ Qc7 32. Re4 Rg7 33. Qxc7+
Rxc7 34. Rb1 d3 35. Rd1 Rc5 36. Kg3 Rxh5 37. Kf4 d2 38. Ke3 Rhd5 39. Rc4 h5 40.
f4 h4 41. f5 h3 42. f6 h2 43. Rh4 Re8+ 44. Kf3 Re1 45. Rxd2 Rxd2 46. Rh8+ Kc7
47. f7 Rd8 0-1

[Event "TCh-CZE Div1 Zapad 2012-13"]
[Site "Czech Republic CZE"]
[Date "2012.12.09"]
[Round "4.4"]
[White "Kopta,P"]
[Black "Vybiral,Z"]
[Result "0-1"]
[WhiteElo "2303"]
[BlackElo "2193"]
[WhiteTeam "TJ Sokol Praha - Kobylisy"]
[BlackTeam "QCC Ceske Budejovice"]
[WhiteFideId "309109"]
[BlackFideId "305200"]
[EventDate "2012.10.28"]

1. d4 Nf6 2. c4 g6 3. Nc3 d5 4. Bf4 Bg7 5. Rc1 Nh5 6. Bg5 h6 7. Bh4 c5 8. Nxd5
Nc6 9. e3 cxd4 10. exd4 Be6 11. Nc3 Nxd4 12. Nf3 O-O 13. Nxd4 Bxd4 14. Be2 Nf4
15. O-O Rc8 16. b3 Bxc3 17. Rxc3 Nxe2+ 18. Qxe2 Qd4 19. Rg3 Qxh4 20. Qe3 b6 21.
f4 Bf5 22. Rgf3 0-1

[Event "TCh-CZE Div1 Zapad 2012-13"]
[Site "Czech Republic CZE"]
[Date "2012.12.09"]
[Round "4.5"]
[White "Cuhra,M"]
[Black "Folk,P"]
[Result "0-1"]
[WhiteElo "2236"]
[BlackElo "2228"]
[WhiteTeam "QCC Ceske Budejovice"]
[BlackTeam "TJ Sokol Praha - Kobylisy"]
[WhiteFideId "327735"]
[BlackFideId "302996"]
[EventDate "2012.10.28"]

1. e4 e5 2. Nf3 Nc6 3. Bc4 Bc5 4. c3 Nf6 5. d4 exd4 6. cxd4 Bb4+ 7. Nc3 Nxe4 8.
O-O Bxc3 9. d5 Bf6 10. Re1 Ne7 11. Rxe4 d6 12. Bg5 Bxg5 13. Nxg5 h6 14. Qe2 hxg5
15. Re1 Be6 16. dxe6 f6 17. Re3 c6 18. Rh3 Rxh3 19. gxh3 g6 20. b4 d5 21. Bd3
Kf8 22. h4 gxh4 23. Kh1 Kg7 24. Rg1 Qh8 25. f4 f5 26. h3 Kh7 27. Qf2 Qf6 28. Re1
Kg7 29. Qc5 Rd8 30. Qxa7 Qc3 31. Qe3 Ra8 32. Rc1 Qb2 33. Rb1 Qf6 34. Qe2 Ra3 35.
Qc2 Qd4 36. Bf1 Qe4+ 37. Qxe4 fxe4 0-1

[Event "TCh-CZE Div1 Zapad 2012-13"]
[Site "Czech Republic CZE"]
[Date "2012.12.09"]
[Round "4.6"]
[White "Dvorak,J"]
[Black "Richtrova,E"]
[Result "1/2-1/2"]
[BlackTitle "WGM"]
[WhiteElo "2203"]
[BlackElo "2216"]
[WhiteTeam "TJ Sokol Praha - Kobylisy"]
[BlackTeam "QCC Ceske Budejovice"]
[WhiteFideId "314870"]
[BlackFideId "300683"]
[EventDate "2012.10.28"]

1. d4 Nf6 2. Nf3 e6 3. c4 d5 4. cxd5 exd5 5. Nc3 c6 6. Qc2 Bd6 7. Bg5 h6 8. Bh4
O-O 9. e3 Re8 10. Bd3 Nbd7 11. O-O Nf8 12. e4 dxe4 13. Nxe4 Be7 14. Nc5 Nd5 15.
Bxe7 Rxe7 16. a3 Nf4 17. Rfe1 Be6 18. Nxe6 N8xe6 19. g3 Nxd3 20. Qxd3 Rd7 21.
Rad1 Rd5 22. Re5 Qd7 23. Qb3 Rd8 24. Rde1 a6 25. R5e4 Rb5 26. Qc3 Qd5 27. R1e3
Qd6 28. Re2 a5 29. R2e3 Rd5 30. Qb3 Rb5 31. Qc2 Nc7 32. Re7 Ne6 33. a4 Qxe7 34.
axb5 cxb5 35. Qf5 Qd7 36. Ne5 Qc7 37. Nf3 Qc1+ 38. Kg2 Qc6 39. Kg1 Nxd4 40. Nxd4
Rxd4 41. Re1 a4 42. h4 g6 43. Qe5 Rd5 44. Qf4 Kg7 45. Rc1 Qf6 46. Qb4 Qd4 47.
Qe7 Qxb2 48. Rc8 Qe5 49. Qf8+ Kf6 50. Qh8+ Kf5 51. Qxh6 Kg4 52. Kh2 Qf5 53. Qe3
Qf3 54. Qe1 g5 55. Rh8 Rd1 56. Qb4+ Kf5 57. Qc5+ Qd5 58. Qc8+ Qd7 59. Qc5+ Qd5
60. Qc8+ Qd7 61. Qc5+ Qd5 62. Qc8+ Qd7 1/2-1/2

[Event "TCh-CZE Div1 Zapad 2012-13"]
[Site "Czech Republic CZE"]
[Date "2012.12.09"]
[Round "4.7"]
[White "Bostl,F"]
[Black "Janda,J"]
[Result "1-0"]
[WhiteElo "2209"]
[BlackElo "2192"]
[WhiteTeam "QCC Ceske Budejovice"]
[BlackTeam "TJ Sokol Praha - Kobylisy"]
[WhiteFideId "314579"]
[BlackFideId "319678"]
[EventDate "2012.10.28"]

1. Nf3 c5 2. c3 d6 3. d4 Qc7 4. e4 Nf6 5. e5 Nfd7 6. exd6 Qxd6 7. Be3 cxd4 8.
Nxd4 a6 9. Qf3 e5 10. Nb3 Be7 11. N1d2 Qc7 12. Qg3 Nf6 13. Nc4 Nbd7 14. Be2 O-O
15. Bh6 Ne8 16. O-O-O f5 17. Bg5 Nef6 18. Bxf6 Rxf6 19. Qd3 Kh8 20. Ne3 Nb6 21.
g4 e4 22. Qc2 f4 23. Nf5 Bxf5 24. gxf5 Qe5 25. Bg4 Nc4 26. Rd4 Nd6 27. Re1 Rc8
28. Nd2 e3 29. Nf3 Qa5 30. fxe3 Qxa2 31. exf4 Bf8 32. Re6 Nb5 33. Qa4 Nxc3 34.
Qxa2 Nxa2+ 35. Kb1 Nb4 36. Rd7 b5 37. Ng5 Nc6 38. Ne4 Rh6 39. Rxh6 gxh6 40. f6
Re8 41. Bf5 1-0

[Event "TCh-CZE Div1 Zapad 2012-13"]
[Site "Czech Republic CZE"]
[Date "2012.12.09"]
[Round "4.8"]
[White "Chmel,K"]
[Black "Nidl,P"]
[Result "1/2-1/2"]
[WhiteElo "2064"]
[BlackElo "2205"]
[WhiteTeam "TJ Sokol Praha - Kobylisy"]
[BlackTeam "QCC Ceske Budejovice"]
[WhiteFideId "344281"]
[BlackFideId "308161"]
[EventDate "2012.10.28"]

1. d4 c5 2. Nf3 cxd4 3. Nxd4 Nf6 4. g3 g6 5. Bg2 Bg7 6. O-O O-O 7. Nc3 Nc6 8.
Nb3 d6 9. e4 a5 10. a4 Nb4 11. Nd4 Bd7 12. h3 Qc8 13. Kh2 Ne8 14. Nd5 Nxd5 15.
exd5 Qc4 16. c3 Nc7 17. Qb3 Qxb3 18. Nxb3 b5 19. axb5 a4 20. Nd2 Nxb5 21. Nc4
Rfb8 22. Na3 Nc7 23. Re1 Kf8 24. Bg5 f6 25. Bc1 Kf7 26. Re2 Nb5 27. Nxb5 Bxb5
28. Re4 f5 29. Rb4 Bd7 30. Rxb8 Rxb8 31. Bf3 Bf6 32. Bd1 Rb5 33. Ra3 Rxd5 34.
Bxa4 Bxa4 35. Rxa4 Ke6 36. Rb4 Re5 37. Be3 Re4 38. Rb5 Rc4 39. Kg2 h5 40. h4 Rc8
41. Kf3 Kd7 42. Ke2 e5 43. Rb4 d5 44. Kd3 f4 45. gxf4 e4+ 46. Ke2 Bxh4 47. Bd4
Rc6 48. Rb8 Bd8 49. f3 Bc7 50. Rb5 exf3+ 51. Kxf3 Ke6 52. Rb4 Bd6 53. Ra4 Bc5
54. Bg7 Bd6 55. Bd4 Bc5 56. Bg7 Be7 57. Bd4 Bf6 58. Be3 Bd8 59. Rb4 Bc7 60. Ra4
Kd7 61. Bd4 Bb6 62. Be5 Bc5 63. Ra5 Ke6 64. b4 Bd6 65. Bd4 Rc8 66. Ra6 Kd7 67.
Ra7+ Rc7 68. Ra8 Rc8 69. Ra7+ Rc7 70. Ra1 Kc6 71. Rg1 Rf7 72. Rxg6 Rxf4+ 73. Ke2
Rg4 74. Rh6 Kd7 75. Rxh5 Ke6 76. Rh6+ Kd7 77. Rh7+ Kc6 78. Rh6 Kd7 79. Kd3 Rg2
80. Rh3 Rg3+ 81. Rxg3 Bxg3 82. Bc5 Kc6 83. c4 dxc4+ 84. Kxc4 Kb7 85. Kd5 Be1 86.
b5 Bd2 87. Bd4 Be1 88. Bc5 1/2-1/2

[Event "TCh-CZE Div1 Vychod 2012-13"]
[Site "Czech Republic CZE"]
[Date "2012.11.10"]
[Round "3.1"]
[White "Kislinsky,A"]
[Black "Cvek,R"]
[Result "1-0"]
[WhiteTitle "GM"]
[BlackTitle "GM"]
[WhiteElo "2552"]
[BlackElo "2540"]
[WhiteTeam "SK Slavia Orlova A"]
[BlackTeam "Slavia Kromeriz A"]
[WhiteFideId "14108801"]
[BlackFideId "307424"]
[EventDate "2012.10.21"]

1. e4 c5 2. Nf3 e6 3. g3 d5 4. exd5 exd5 5. Bg2 Nf6 6. O-O Be7 7. d4 cxd4 8.
Nxd4 O-O 9. Nc3 Nc6 10. h3 h6 11. Bf4 a6 12. a3 Bc5 13. Be3 Ba7 14. Re1 Re8 15.
Nxc6 bxc6 16. Bxa7 Rxe1+ 17. Qxe1 Rxa7 18. Na4 Re7 19. Qc3 Qe8 20. Nc5 Nd7 21.
Bf1 Nxc5 22. Qxc5 g5 23. Rd1 Re4 24. b4 Kg7 25. Kh2 Qe6 26. c4 Re5 27. cxd5 Rxd5
28. Qc3+ Qf6 29. Qxf6+ Kxf6 30. Rc1 Bb7 31. Bxa6 Ba8 32. b5 cxb5 33. Rc8 Rd2 34.
Rxa8 Rxf2+ 35. Kg1 Rb2 36. Bb7 b4 37. axb4 Rxb4 38. Bd5 Rb5 39. Ra6+ Kg7 40. Rd6
f5 41. g4 fxg4 42. hxg4 Rb4 43. Be6 Rf4 44. Bd7 Rf6 45. Rxf6 Kxf6 46. Be8 Ke5
47. Kf2 Kf4 48. Bh5 Ke4 49. Ke2 Kd4 50. Kd2 Ke4 51. Kc3 Ke3 52. Kc4 Ke4 53. Kc5
Ke5 54. Kc6 1-0

[Event "TCh-CZE Div1 Vychod 2012-13"]
[Site "Czech Republic CZE"]
[Date "2012.11.10"]
[Round "3.2"]
[White "Malinovsky,K"]
[Black "Andreev,Ed UKR"]
[Result "1/2-1/2"]
[WhiteTitle "FM"]
[BlackTitle "GM"]
[WhiteElo "2396"]
[BlackElo "2499"]
[WhiteTeam "Slavia Kromeriz A"]
[BlackTeam "SK Slavia Orlova A"]
[WhiteFideId "313874"]
[BlackFideId "14103400"]
[EventDate "2012.10.21"]

1. e4 c5 2. Nf3 e6 3. d4 cxd4 4. Nxd4 a6 5. c4 Nf6 6. Nc3 Bb4 7. Qd3 Nc6 8. Nxc6
dxc6 9. e5 Nd7 10. f4 O-O 11. Bd2 b5 12. Be2 Rb8 13. Rd1 Qb6 14. a3 Bc5 15. Ne4
bxc4 1/2-1/2

[Event "TCh-CZE Div1 Vychod 2012-13"]
[Site "Czech Republic CZE"]
[Date "2012.11.10"]
[Round "3.4"]
[White "Mudrak,J"]
[Black "Zabystrzan,P"]
[Result "1/2-1/2"]
[WhiteTitle "FM"]
[BlackTitle "FM"]
[WhiteElo "2323"]
[BlackElo "2302"]
[WhiteTeam "Slavia Kromeriz A"]
[BlackTeam "SK Slavia Orlova A"]
[WhiteFideId "301116"]
[BlackFideId "301337"]
[EventDate "2012.10.21"]

1. d4 Nf6 2. Nf3 e6 3. g3 b6 4. Bg2 Bb7 5. O-O c5 6. c4 cxd4 7. b3 Be7 8. Bb2
O-O 9. Qxd4 Nc6 10. Qf4 Qb8 11. Nc3 Qxf4 12. gxf4 Rfd8 13. Ne5 Rac8 14. Nb5 a6
15. Na7 Rc7 16. Naxc6 dxc6 17. Rad1 Nd7 18. Rd3 Nxe5 19. Bxe5 Rcd7 20. Rfd1 Rxd3
21. Rxd3 Rxd3 22. exd3 f6 23. Bc7 b5 24. cxb5 axb5 25. a4 bxa4 26. bxa4 Kf7 27.
d4 Ke8 28. Bh3 Kd7 29. Bb6 g6 30. Bc5 1/2-1/2

[Event "TCh-CZE Div1 Vychod 2012-13"]
[Site "Czech Republic CZE"]
[Date "2012.11.10"]
[Round "3.5"]
[White "Olsarova,T"]
[Black "Karlik,V"]
[Result "0-1"]
[WhiteTitle "WIM"]
[BlackTitle "FM"]
[WhiteElo "2267"]
[BlackElo "2306"]
[WhiteTeam "SK Slavia Orlova A"]
[BlackTeam "Slavia Kromeriz A"]
[WhiteFideId "325449"]
[BlackFideId "301027"]
[EventDate "2012.10.21"]

1. b3 Nf6 2. Bb2 d6 3. f4 c5 4. e3 Nc6 5. Nf3 g6 6. Be2 Bg7 7. O-O O-O 8. c4 Re8
9. Nc3 e5 10. Ne1 exf4 11. Rxf4 d5 12. Na4 d4 13. Nxc5 Qe7 14. Na4 dxe3 15. d3
Qd6 16. g3 Bh3 17. Nc2 g5 18. Rf3 Ng4 19. Bxg7 Kxg7 20. d4 f6 21. c5 Qd7 22. d5
Nce5 23. Rxe3 Nxe3 24. Nxe3 Nf3+ 25. Bxf3 Rxe3 26. d6 g4 27. Bh1 Rae8 28. Qd5
Kh8 29. Rd1 Re1+ 30. Rxe1 Rxe1+ 31. Kf2 Qe8 0-1

[Event "TCh-CZE Div1 Vychod 2012-13"]
[Site "Czech Republic CZE"]
[Date "2012.11.10"]
[Round "3.6"]
[White "Pavelka,J"]
[Black "Kubos,R"]
[Result "0-1"]
[WhiteElo "2245"]
[BlackElo "2215"]
[WhiteTeam "Slavia Kromeriz A"]
[BlackTeam "SK Slavia Orlova A"]
[WhiteFideId "319473"]
[BlackFideId "316938"]
[EventDate "2012.10.21"]

1. e4 c5 2. Nf3 g6 3. c4 Bg7 4. d4 cxd4 5. Nxd4 Nc6 6. Be3 Nf6 7. Nc3 d6 8. Be2
O-O 9. O-O Bd7 10. Qd2 Nxd4 11. Bxd4 Bc6 12. f3 a5 13. Rfd1 Nd7 14. Be3 Nc5 15.
Rac1 Qb6 16. Nb5 Bxb5 17. cxb5 Rfc8 18. Rc2 Qd8 19. Rdc1 a4 20. Bc4 Qe8 21. Qb4
Qf8 22. f4 a3 23. bxa3 Rd8 24. e5 Ra4 25. Qb1 Rxa3 26. Bxc5 dxc5 27. Bb3 b6 28.
Rd1 Raa8 29. Rcd2 Rxd2 30. Rxd2 Rd8 31. Qd1 Rxd2 32. Qxd2 e6 33. Qd7 c4 34. Bc2
Qc5+ 35. Kf1 Bf8 36. Qc6 Qd4 37. Qe4 Qa1+ 38. Ke2 Qxa2 39. g4 Qa3 40. Qxc4 Qh3
41. f5 Qxh2+ 42. Kf1 Bc5 43. Ke1 Qxe5+ 44. Qe2 Qg3+ 45. Kd1 Qg1+ 46. Kd2 Bb4+
47. Kd3 Qg3+ 48. Ke4 exf5+ 49. gxf5 Qe1 50. Qxe1 Bxe1 51. fxg6 hxg6 52. Ke5 Kg7
53. Kf4 Bc3 54. Bd3 f5 55. Kg5 Bd2+ 56. Kh4 Kf6 57. Be2 Be1+ 58. Kh3 g5 59. Bd1
g4+ 60. Kg2 Kg5 61. Kf1 Bb4 62. Kg2 f4 63. Kg1 Bc5+ 64. Kg2 f3+ 65. Kf1 Be3 66.
Ke1 Kf4 67. Kf1 g3 68. Ke1 Bc5 0-1

[Event "TCh-CZE Div1 Vychod 2012-13"]
[Site "Czech Republic CZE"]
[Date "2012.11.10"]
[Round "3.7"]
[White "Olsarova,K"]
[Black "Dvorak,M"]
[Result "1/2-1/2"]
[WhiteTitle "WIM"]
[WhiteElo "2241"]
[BlackElo "2186"]
[WhiteTeam "SK Slavia Orlova A"]
[BlackTeam "Slavia Kromeriz A"]
[WhiteFideId "320242"]
[BlackFideId "327751"]
[EventDate "2012.10.21"]

1. e4 c5 2. Nf3 Nc6 3. Bb5 g6 4. Bxc6 dxc6 5. d3 Bg7 6. h3 Nf6 7. Nc3 O-O 8. Be3
b6 9. Qd2 Re8 10. O-O-O Nd7 11. Nh2 b5 12. Ng4 Qa5 13. Kb1 b4 14. Ne2 Nb6 15.
Bh6 Bh8 16. Qg5 Be6 17. Nc1 Na4 18. d4 Nxb2 19. Kxb2 Qa3+ 20. Kb1 c4 21. Ne5 f6
22. Nxc4 Bxc4 23. Qc5 Bf7 24. Nb3 Rab8 25. Bc1 Qa4 26. Bb2 Rb6 27. d5 Ra6 28.
Nc1 cxd5 29. exd5 Ra5 30. Qc6 Qxc6 31. dxc6 Rc5 32. Rd7 Rxc6 33. Rxa7 Rec8 34.
Rxe7 Rxc2 35. Re2 Rxe2 36. Nxe2 Ra8 37. Nc1 Bd5 38. f3 Kf7 39. Rd1 Be6 40. Rd4
Rb8 41. Nb3 Bg7 42. g4 Bf8 43. Rd3 Ra8 44. Bc1 1/2-1/2

[Event "TCh-CZE Div1 Vychod 2012-13"]
[Site "Czech Republic CZE"]
[Date "2012.11.10"]
[Round "3.8"]
[White "Cagasik,T"]
[Black "Mrazek,L"]
[Result "0-1"]
[WhiteElo "2259"]
[BlackElo "2201"]
[WhiteTeam "Slavia Kromeriz A"]
[BlackTeam "SK Slavia Orlova A"]
[WhiteFideId "316865"]
[BlackFideId "332127"]
[EventDate "2012.10.21"]

1. c4 b6 2. d4 Bb7 3. Nc3 Nf6 4. Nf3 e6 5. a3 d5 6. Bg5 Be7 7. e3 O-O 8. cxd5
Nxd5 9. Bxe7 Qxe7 10. Bd3 Nd7 11. Qc2 Nxc3 12. bxc3 h6 13. Be4 Bxe4 14. Qxe4 f5
15. Qc6 Qd6 16. Qc4 Kh8 17. a4 e5 18. O-O e4 19. Nd2 Rae8 20. a5 b5 21. Qxb5 f4
22. exf4 Rxf4 23. Rae1 Rb8 24. Qc4 Nf6 25. g3 Rg4 26. Qe2 Rb2 27. Rb1 Rc2 28.
Rb3 Qd5 29. Ra1 Qxb3 30. Qxg4 Rxd2 31. Qc8+ Ng8 32. Qxc7 e3 0-1

[Event "TCh-CZE Div1 Vychod 2012-13"]
[Site "Czech Republic CZE"]
[Date "2012.11.25"]
[Round "3.1"]
[White "Piza,V"]
[Black "Polak,T"]
[Result "0-1"]
[WhiteTitle "FM"]
[BlackTitle "GM"]
[WhiteElo "2257"]
[BlackElo "2522"]
[WhiteTeam "SK Gordic Jihlava"]
[BlackTeam "SK Duras BVK Kralovo Pole A"]
[WhiteFideId "300624"]
[BlackFideId "300560"]
[EventDate "2012.10.21"]

1. e4 e5 2. Nf3 Nc6 3. Bb5 a6 4. Ba4 Nge7 5. O-O g6 6. c3 Bg7 7. d4 exd4 8. cxd4
b5 9. Bb3 O-O 10. a4 b4 11. d5 Na5 12. Ba2 d6 13. Nbd2 Kh8 14. Re1 c6 15. dxc6
Nexc6 16. Bd5 Be6 17. Nb3 Rc8 18. Nxa5 Nxa5 19. Bg5 Qd7 20. Be3 Nc4 21. Bd4 Bxd5
22. Bxg7+ Kxg7 23. Qxd5 Qe6 24. Qd3 Rfd8 25. Rac1 Ne5 26. Qxa6 Rxc1 27. Rxc1
Nxf3+ 28. gxf3 Qf6 29. Rc2 Qxf3 30. Qe2 Qf4 31. Rc4 Re8 32. Rxb4 Re5 33. Rc4 d5
34. exd5 Qg5+ 35. Qg4 Re1+ 36. Kg2 Qxd5+ 37. f3 Re2+ 38. Kh3 Qe5 39. Qg3 Qe6+
40. Qg4 Qe5 41. Qg3 Qxb2 42. Qf4 Re5 43. Qd4 Qe2 44. f4 Qf3+ 45. Kh4 f6 0-1

[Event "TCh-CZE Div1 Vychod 2012-13"]
[Site "Czech Republic CZE"]
[Date "2012.11.25"]
[Round "3.6"]
[White "Sevcik,V"]
[Black "Zigo,V"]
[Result "0-1"]
[WhiteElo "2230"]
[BlackElo "2240"]
[WhiteTeam "SK Duras BVK Kralovo Pole A"]
[BlackTeam "SK Gordic Jihlava"]
[WhiteFideId "301370"]
[BlackFideId "305707"]
[EventDate "2012.10.21"]

1. d4 Nf6 2. Nf3 e6 3. c4 b6 4. Nc3 Bb7 5. Bg5 Be7 6. e3 Ne4 7. Bxe7 Qxe7 8. Bd3
Nxc3 9. bxc3 d6 10. O-O Nd7 11. e4 e5 12. Re1 O-O 13. a4 a5 14. Rb1 Bc6 15. Bc2
Rad8 16. g3 g6 17. Nh4 Nf6 18. Qd2 Rfe8 19. f3 Nh5 20. Qf2 Qd7 21. Ra1 Re7 22.
d5 Bb7 23. f4 exf4 24. gxf4 Rde8 25. f5 Re5 26. Nf3 Qe7 27. Nxe5 Qxe5 28. Qd4
Nf6 29. Qxe5 Rxe5 30. fxg6 hxg6 31. Rf1 Nd7 32. Rf4 Ba6 33. Bd3 Nc5 34. Bf1 Bc8
35. Bg2 Bd7 36. Raf1 Be8 37. h4 Nxa4 38. Rc1 Nc5 39. Rd1 Ba4 40. Rd4 Bc2 41. Rd2
Bxe4 42. Bxe4 Nxe4 43. Rc2 Kg7 44. Kg2 f5 45. Kf3 Kf6 46. Kg2 Nc5 47. Rd4 Re1
48. Kf2 Ra1 49. Re2 Ne4+ 50. Rdxe4 fxe4 51. Rxe4 Rc1 52. Re6+ Kf7 53. Ke2 Rxc3
54. Re4 Kf6 55. Kd2 Kf5 56. Rd4 Rg3 57. Kc2 Rg4 0-1

[Event "TCh-CZE Div1 Vychod 2012-13"]
[Site "Czech Republic CZE"]
[Date "2012.11.25"]
[Round "3.7"]
[White "Hron,R"]
[Black "Skacelik,P"]
[Result "1/2-1/2"]
[WhiteElo "2111"]
[BlackElo "2202"]
[WhiteTeam "SK Gordic Jihlava"]
[BlackTeam "SK Duras BVK Kralovo Pole A"]
[WhiteFideId "324833"]
[BlackFideId "307904"]
[EventDate "2012.10.21"]

1. d4 Nf6 2. Nf3 g6 3. Bg5 Bg7 4. Nbd2 d6 5. e4 h6 6. Bxf6 Bxf6 7. c3 O-O 8. Be2
c5 9. O-O Nc6 10. d5 Ne5 11. Nxe5 Bxe5 12. Nc4 Bg7 13. a4 b6 14. f4 Qc7 15. Ne3
Bd7 16. f5 Kh7 17. fxg6+ fxg6 18. Qc2 Bf6 19. Bb5 Bg5 20. Qe2 Bxb5 21. axb5 Qd7
22. Nc2 h5 23. Rxf8 Rxf8 24. Rf1 Rxf1+ 25. Kxf1 e6 26. Ne1 exd5 27. exd5 Qf7+
28. Qf3 Kg7 29. Qxf7+ Kxf7 30. Ke2 Kf6 31. Kd3 Bc1 32. b3 Kf5 33. Nf3 g5 34. Ng1
Bf4 35. h3 Be5 36. Ne2 h4 37. c4 g4 38. hxg4+ Kxg4 39. Ke4 Bh2 40. Ke3 Be5 41.
Ke4 1/2-1/2